00666cam a22002171 450000100060000000300080000600500170001400800410003103500190007203500180009104000350010904100080014408200220015210000470017424500590022126000360028030000360031650400390035265000200039165000370041134145BD-RjUL20211209052119.0140514s1947 nyub b 001 0 eng d a(BD-RjUL)34239 a(OCoLC)225155 aDLCcOYUdOCoLCdBD-RjUL)beng aeng a323.35bKIC 19471 aKinneman, John A.q(John Albertus),d1895-14aThe community in American society /cKinneman, John A. aNew York :bF.S. Crofts,c1947. axiii, 450 p. :bmaps. ;c22 cm. aIncludes bibliographies and index. 0aCommunity life. 0aCities and townszUnited States.